Countries with the most ethnic Russians - Statistics

General Stats
  • This quiz has been taken 597 times
  • The average score is 15 of 23
Answer Stats
Population Answer % Correct
35,000 United Kingdom
99%
3,100,000 United States
97%
1,213,000 Germany
91%
550,520 Canada
90%
15,600 China
89%
500,000 France
85%
20,000 Italy
82%
50,000 Finland
78%
67,550 Australia
75%
200,000 Brazil
72%
13,914 Norway
68%
30,000 Romania
65%
30,249 Austria
62%
3,290 Serbia
62%
15,595 Bulgaria
59%
10,235 New Zealand
53%
20,000 Belgium
52%
938,500 Israel
46%
50,200 Cuba
39%
88,000 Colombia
34%
56,600 United Arab Emirates
34%
34,600 Venezuela
32%
5,000 Qatar
20%
No matching quizzes found
Score Distribution
Percent of People with Each Score
Percentile by Number Answered
Your Score History
You have not taken this quiz